<?xml version="1.0" encoding="UTF-8"?>
<record
    xmlns:xsi="http://www.w3.org/2001/XMLSchema-instance"
    xsi:schemaLocation="http://www.loc.gov/MARC21/slim http://www.loc.gov/standards/marcxml/schema/MARC21slim.xsd"
    xmlns="http://www.loc.gov/MARC21/slim">

  <leader>00975cam a2200301 i 4500</leader>
  <controlfield tag="001">715584</controlfield>
  <controlfield tag="003">YEEZEN</controlfield>
  <controlfield tag="005">20241226143307.0</controlfield>
  <controlfield tag="008">240613s2024    ch  a  g      000 0 chi d</controlfield>
  <datafield tag="020" ind1=" " ind2=" ">
    <subfield code="a">9786263058866</subfield>
    <subfield code="q">(&#x5E73;&#x88DD;) :</subfield>
    <subfield code="c">NT$420</subfield>
  </datafield>
  <datafield tag="040" ind1=" " ind2=" ">
    <subfield code="a">NCUE</subfield>
    <subfield code="c">NCUE</subfield>
  </datafield>
  <datafield tag="042" ind1=" " ind2=" ">
    <subfield code="a">nbic</subfield>
  </datafield>
  <datafield tag="084" ind1=" " ind2=" ">
    <subfield code="a">528.2</subfield>
  </datafield>
  <datafield tag="090" ind1=" " ind2=" ">
    <subfield code="a">528.2</subfield>
  </datafield>
  <datafield tag="100" ind1="1" ind2=" ">
    <subfield code="a">&#x9673;&#x96EA;&#x5982;</subfield>
  </datafield>
  <datafield tag="245" ind1="1" ind2="0">
    <subfield code="a">&#x96B1;&#x6027;&#x5B64;&#x55AE; :</subfield>
    <subfield code="b">&#x5B69;&#x5B50;&#x6709;&#x4E8B;&#x4E0D;&#x8AAA;&#x600E;&#x9EBC;&#x8FA6;?35&#x500B;&#x6210;&#x9577;&#x8F49;&#x578B;&#x7684;&#x652F;&#x6301;&amp;&#x6E9D;&#x901A;&#x6CD5;&#x5247; /</subfield>
    <subfield code="c">&#x9673;&#x96EA;&#x5982;Ashley&#x8457;</subfield>
  </datafield>
  <datafield tag="246" ind1="1" ind2="0">
    <subfield code="a">&#x5B69;&#x5B50;&#x6709;&#x4E8B;&#x4E0D;&#x8AAA;&#x600E;&#x9EBC;&#x8FA6;?35&#x500B;&#x6210;&#x9577;&#x8F49;&#x578B;&#x7684;&#x652F;&#x6301;&amp;&#x6E9D;&#x901A;&#x6CD5;&#x5247;</subfield>
  </datafield>
  <datafield tag="246" ind1="1" ind2="3">
    <subfield code="a">&#x5B69;&#x5B50;&#x6709;&#x4E8B;&#x4E0D;&#x8AAA;&#x600E;&#x9EBC;&#x8FA6;?&#x4E09;&#x5341;&#x4E94;&#x500B;&#x6210;&#x9577;&#x8F49;&#x578B;&#x7684;&#x652F;&#x6301;&amp;&#x6E9D;&#x901A;&#x6CD5;&#x5247;</subfield>
  </datafield>
  <datafield tag="250" ind1=" " ind2=" ">
    <subfield code="a">&#x7B2C;&#x4E00;&#x7248;</subfield>
  </datafield>
  <datafield tag="260" ind1=" " ind2=" ">
    <subfield code="a">&#x81FA;&#x5317;&#x5E02; :</subfield>
    <subfield code="b">&#x89AA;&#x5B50;&#x5929;&#x4E0B;,</subfield>
    <subfield code="c">2024.06</subfield>
  </datafield>
  <datafield tag="300" ind1=" " ind2=" ">
    <subfield code="a">303&#x9762; :</subfield>
    <subfield code="b">&#x5716; ;</subfield>
    <subfield code="c">21&#x516C;&#x5206;</subfield>
  </datafield>
  <datafield tag="490" ind1="1" ind2=" ">
    <subfield code="a">&#x5BB6;&#x5EAD;&#x8207;&#x751F;&#x6D3B; ;</subfield>
    <subfield code="v">094.</subfield>
  </datafield>
  <datafield tag="650" ind1=" " ind2="7">
    <subfield code="a">&#x89AA;&#x8077;&#x6559;&#x80B2;</subfield>
    <subfield code="2">lcstt.</subfield>
  </datafield>
  <datafield tag="650" ind1=" " ind2="7">
    <subfield code="a">&#x5B50;&#x5973;&#x6559;&#x80B2;</subfield>
    <subfield code="2">lcstt.</subfield>
  </datafield>
  <datafield tag="650" ind1=" " ind2="7">
    <subfield code="a">&#x89AA;&#x5B50;&#x6E9D;&#x901A;</subfield>
    <subfield code="2">lcstt.</subfield>
  </datafield>
  <datafield tag="830" ind1=" " ind2="0">
    <subfield code="a">&#x5BB6;&#x5EAD;&#x8207;&#x751F;&#x6D3B; ;</subfield>
    <subfield code="v">094.</subfield>
  </datafield>
  <datafield tag="942" ind1=" " ind2=" ">
    <subfield code="2">ccl</subfield>
    <subfield code="c">BOOK</subfield>
  </datafield>
  <datafield tag="999" ind1=" " ind2=" ">
    <subfield code="c">7625</subfield>
    <subfield code="d">7625</subfield>
  </datafield>
  <datafield tag="952" ind1=" " ind2=" ">
    <subfield code="0">0</subfield>
    <subfield code="1">0</subfield>
    <subfield code="2">ccl</subfield>
    <subfield code="4">0</subfield>
    <subfield code="7">0</subfield>
    <subfield code="a">yeezen</subfield>
    <subfield code="b">yeezen</subfield>
    <subfield code="c">YEEZEN</subfield>
    <subfield code="d">2024-12-26</subfield>
    <subfield code="l">3</subfield>
    <subfield code="m">2</subfield>
    <subfield code="o">528.2</subfield>
    <subfield code="p">C03209</subfield>
    <subfield code="r">2025-05-22 00:00:00</subfield>
    <subfield code="s">2025-04-24</subfield>
    <subfield code="w">2024-12-26</subfield>
    <subfield code="y">BOOK</subfield>
    <subfield code="z">&#x6DF1;&#x5BDF;&#x5B69;&#x5B50;&#x554F;&#x984C;&#x8868;&#x8C61;&#x4E0B;&#x7684;&#x771F;&#x5FC3;&#x8A71; &#x7406;&#x89E3;&#x5B69;&#x5B50;&#x5F9E;&#x570B;&#x5C0F;&#x5230;&#x9752;&#x6625;&#x671F;&#x8F49;&#x578B;&#x6311;&#x6230;&#x7684;&#x5927;&#x8108;&#x7D61;,&#x770B;&#x898B;&#x60C5;&#x7DD2;&#x98A8;&#x66B4;&#x2192;&#x61FC;&#x5B78;&#x2192;&#x62D2;&#x5B78;&#x4E4B;&#x74B0;&#x74B0;&#x76F8;&#x6263;&#x7684;&#x6B77;&#x7A0B;&#x4E26;&#x53CA;&#x65E9;&#x966A;&#x4F34;&#x3002;  &#x8B93;&#x6E9D;&#x901A;&#x7121;&#x7919;&#x7684;&#x89AA;&#x5B50;&#x4E92;&#x52D5;&#x7B56;&#x7565; &#x6821;&#x5712;&#x5FC3;&#x7406;&#x5E2B;&#x6574;&#x7406;&#x591A;&#x5E74;&#x8AEE;&#x5546;&#x7D93;&#x9A57;&#x4E2D;35&#x500B;&#x5E38;&#x898B;&#x60C5;&#x5883;&#x8207;&#x7591;&#x60D1;,&#x4E26;&#x5206;&#x4EAB;&#x5728;&#x5BE6;&#x52D9;&#x4E2D;&#x53D7;&#x8A31;&#x591A;&#x5B69;&#x5B50;&#x8A8D;&#x53EF;&#x7684;&#x6E9D;&#x901A;&#x53CA;&#x4E92;&#x52D5;&#x65B9;&#x5F0F;&#x3002;</subfield>
  </datafield>
</record>
